000 00991nam a2200181 a 4500
008 150825s2005 ||||||||||||||||| || u
020 _a9781844790876
050 _aHD 30.28 Cha
110 _aThe Chartered Institute of Public Finance and Accountancy
245 1 0 _aStrategic business management: study guide
_cby the Chartered Institute of Public Finance and Accountancy
260 _aLondon
_bPearson Education, Inc
_c2005
300 _axv, 709p.
350 _a1.55
650 _aBUSINESS MANAGEMENT--STRATEGY
995 _aMAIN LIBRARY OPEN ACCESS
_e745648
_FCBU-MAIN LIBRARY (Kitwe)
_jHD 30.28 Cha
_M2
_UAVAILABLE
_WSep 2, 2015
_y745648
_ZMain Library Open Access Collection
995 _aMAIN LIBRARY OPEN ACCESS
_e745647
_FCBU-MAIN LIBRARY (Kitwe)
_jHD 30.28 Cha
_M1
_UAVAILABLE
_WSep 2, 2015
_y745647
_ZMain Library Open Access Collection
995 _aANNEX COLLECTION (Main Library)
_e745649
_FCBU-MAIN LIBRARY (Kitwe)
_jHD 30.28 Cha
_M3
_UAVAILABLE
_WSep 2, 2015
_y745649
_ZAnnex Low-Usage Collection
999 _c76837
_d76837